Statistics for YouTube Channels With over 100m Subscribers

Click here to take the quiz!

General Stats

  • This quiz has been taken 19 times
  • The average score is 5 of 12

Answer Stats

SubscribersAnswer% Correct
254MMrBeast
94%
111MPewDiePie
94%
264MT-Series
76%
174MCocomelon - Nursery Rhymes
53%
121M✿ Kids Diana Show
24%
116MVlad and Niki
24%
101MWWE
24%
115MLikeNastya
18%
171MSET India
18%
106MZee Music Company
18%
120MMusic
12%
180MYouTube Movies
12%

Score Distribution

Percentile by Number Answered

Percent of People with Each Score

Your Score History

You have not taken this quiz